Loading...
| Science - Other | 1 | 2 | 0 | 1 | 35 | 39 | 82.00 | 0 | 2 | 12.13 | 23.44 |
| History - Ancient/Other | 2 | 0 | 0 | 1 | 30 | 50 | 53.00 | 1 | 2 | 15.38 | 25.00 |
| Literature - European | 1 | 1 | 0 | 0 | 25 | 36 | 61.50 | 0 | 1 | 12.16 | 12.50 |
| Science - Physics | 0 | 3 | 1 | 1 | 25 | 82 | 102.33 | 0 | 0 | 4.13 | 11.11 |
| Philosophy | 1 | 2 | 2 | 2 | 25 | 71 | 105.33 | 0 | 1 | 6.34 | 13.89 |
| Science - Biology | 0 | 2 | 0 | 2 | 20 | 87 | 98.00 | 0 | 0 | 1.74 | 5.56 |
| History - European | 0 | 2 | 0 | 0 | 20 | 73 | 80.00 | 0 | 1 | 7.53 | 12.50 |
| Fine Arts - Classical Music | 0 | 2 | 1 | 0 | 15 | 91 | 102.00 | 0 | 1 | 4.14 | 11.11 |
| Fine Arts - Painting and Sculpture | 1 | 0 | 0 | 0 | 15 | 52 | 52.00 | 0 | 0 | 6.63 | 5.56 |
| Mythology | 1 | 0 | 0 | 0 | 15 | 62 | 62.00 | 0 | 1 | 5.73 | 6.94 |
| Religion | 0 | 2 | 1 | 1 | 15 | 97 | 105.00 | 0 | 0 | 4.80 | 6.94 |
| Fine Arts - Other | 0 | 2 | 2 | 0 | 10 | 96 | 106.50 | 0 | 1 | 3.79 | 15.28 |
| Geography | 0 | 1 | 0 | 0 | 10 | 78 | 78.00 | 1 | 1 | 9.27 | 25.00 |
| History - World | 0 | 1 | 0 | 1 | 10 | 99 | 99.00 | 0 | 0 | 2.38 | 1.39 |
| Mathematics | 0 | 0 | 1 | 0 | -5 | 0.00 | 0 | 0 | 0.00 | 0.00 | |
| Literature - British | 0 | 0 | 1 | 0 | -5 | 0.00 | 0 | 0 | 0.00 | 0.00 | |
| History - American | 0 | 0 | 2 | 0 | -10 | 0.00 | 0 | 0 | 0.00 | 0.00 | |
| Literature - American | 0 | 0 | 2 | 0 | -10 | 0.00 | 0 | 0 | 0.00 | 0.00 |